000 00236nam a22000977a 4500
003 SGT
245 _aINTERNATIONAL JOURNAL OF MANUFACTURING TECH & INDUSTRIAL ENGINEERING (JAN-DECEMBER)
260 _c2014
300 _a123
942 _2ddc
_cBV
999 _c20372
_d20372